Subdivision capitals closest to Debrecen (HU) - Statistics

General Stats
  • This quiz has been taken 27 times
  • The average score is 13 of 20
Answer Stats
Distance (km) Answer % Correct
18 194 Budapest
100%
10 135 Košice
78%
3 89 Miskolc
78%
1 48 Nyíregyháza
78%
8 115 Szolnok
78%
6 103 Békéscsaba
72%
5 102 Eger
72%
14 162 Kecskemét
72%
17 182 Szeged
72%
13 153 Arad
67%
16 171 Cluj-Napoca
67%
19 200 Timișoara
67%
2 58 Oradea
61%
12 150 Salgótarján
61%
15 166 Prešov
50%
4 98 Satu Mare
50%
9 131 Užgorod
50%
11 147 Baia Mare
33%
20 208 Deva
33%
7 115 Zalău
33%
No matching quizzes found
Score Distribution
Percent of People with Each Score
Percentile by Number Answered
Your Score History
You have not taken this quiz